000
00207 a2200097 4500
020
_a
0945051247
041
_a
eng
100
_a
Hair, Jay
245
_a
What do animals see, hear, smell, and feel?
942
_c
BK
999
_c
31805
_d
31803